The office of ambassador in the Middle Ages /

Bibliographic Details
Main Author: Queller, Donald E.
Format: Book
Language:English
Published: Princeton, N.J. : Princeton University Press, 1967.
Subjects:

MARC

Tag First Indicator Second Indicator Subfields
LEADER 00000cam a22000001 4500
001 in00000072186
005 20151008052434.0
008 740514s1967 nju b 00010 eng
010 |a  67011034  
035 |a (OCoLC)00230436 
035 |9 AAH3344AM 
040 |a DLC  |c DLC  |d TXA  |d UtOrBLW 
049 |a TXAM  |c [476541] 
050 0 0 |a JX1692  |b .Q4 
082 0 |a 341.7 
092 |a 341.7  |b Q3o 
100 1 |a Queller, Donald E. 
245 1 4 |a The office of ambassador in the Middle Ages /  |c by Donald E. Queller. 
264 1 |a Princeton, N.J. :  |b Princeton University Press,  |c 1967. 
300 |a xiii, 251 pages ;  |c 25 cm. 
336 |a text  |b txt  |2 rdacontent 
337 |a unmediated  |b n  |2 rdamedia 
338 |a volume  |b nc  |2 rdacarrier 
504 |a Bibliography: pages 229-247. 
650 0 |a Ambassadors  |x History. 
999 |a MARS 
999 f f |s 6c8dcf89-b339-33c3-ab11-3c30e92b10ed  |i 78add5bd-1c87-34cd-b96b-21363fcaf979  |t 0 
952 f f |p ric  |a Texas A&M University  |b Rellis Campus  |c Joint Library Facility  |d Remote Storage  |t 0  |e JX1692 .Q4  |h Library of Congress classification  |i unmediated -- volume  |m A14800785699 
998 f f |a JX1692 .Q4  |t 0  |l Remote Storage